Pays où le titre Moi Lolita d'Alizée s'est classé - Statistiques

Statistiques générales
  • Ce quiz a été pris 60 fois
  • Le résultat moyen est 14 sur 18
Statistiques - réponses
Position dans les Charts Pays % Correct
2 France
100%
9 Royaume Uni
96%
1 Espagne
94%
1 Italie
94%
11 Suisse
94%
2 Belgique
92%
1 Russie
92%
5 Allemagne
88%
52 Suede
84%
34 Irlande
82%
5 Pologne
80%
1 Japon
76%
5 Autriche
75%
2 Pays Bas
75%
9 Danemark
71%
15 Hongrie
65%
56 Roumanie
53%
1 Israel
25%
Aucun quiz correspondant
Distribution des résultats
% des personnes avec chaque résultat
Percentile par nombre de réponses
Votre historique - résultats
Vous n’avez pas pris ce quiz